Teoreticko-metodologické problémy koncipovania účinnej regionálnej politiky.
Rozvoj priestorového plánovania a rozpracovania koncepcií priestorového usporiadania ekonomiky v 50. rokoch. Predpoklady účinnej regionálnej politiky. Lokálne organizačné formy uplatňovania regionálnopolitickej stratégie (vedecké, technologické a priemyselné parky, inovačné centrá).
Enregistré dans:
| Auteur principal: | |
|---|---|
| Format: | Chapitre de livre |
| Langue: | slovaque |
| Sujets: | |
| Tags: |
Pas de tags, Soyez le premier à ajouter un tag!
|
MARC
| LEADER | 00000naa a2200000 4500 | ||
|---|---|---|---|
| 001 | r006986 | ||
| 005 | 20221125075752.6 | ||
| 041 | 0 | |a slo | |
| 044 | |a [CS] | ||
| 245 | 1 | 0 | |a Teoreticko-metodologické problémy koncipovania účinnej regionálnej politiky. |c Zora Komínková |
| 520 | |a Rozvoj priestorového plánovania a rozpracovania koncepcií priestorového usporiadania ekonomiky v 50. rokoch. Predpoklady účinnej regionálnej politiky. Lokálne organizačné formy uplatňovania regionálnopolitickej stratégie (vedecké, technologické a priemyselné parky, inovačné centrá). | ||
| 610 | 2 | 0 | |a rozvoj regionálny |
| 610 | 2 | 0 | |a plánovanie regionálne |
| 610 | 2 | 0 | |a plánovanie územné |
| 610 | 2 | 0 | |a regulácia hospodárska |
| 610 | 2 | 0 | |a politika priemyselná |
| 610 | 2 | 0 | |a rozvoj vedeckotechnický |
| 610 | 2 | 0 | |a inovácia |
| 610 | 2 | 0 | |a regióny |
| 610 | 2 | 0 | |a parky vedeckotechnické |
| 610 | 2 | 0 | |a parky priemyselné |
| 610 | 2 | 0 | |a centrá inovačné |
| 100 | 1 | |a Komínková, Zora | |